Blasons des Départements Français - Statistiques

Statistiques générales
  • Ce quiz a été pris 462 fois
  • Le résultat moyen est 8 sur 20
Statistiques - réponses
Par images Réponse % Correct
Corse
100%
Savoie
86%
Haute-Savoie
81%
Ille-et-Vilaine
79%
Calvados
77%
Martinique
75%
Finistère
72%
Paris
72%
Hérault
71%
Morbihan
71%
Tarn-et-Garonne
71%
Cantal
68%
Nord
67%
Guadeloupe
65%
Côtes-d'Armor
64%
Gard
63%
Haute-Garonne
62%
Pyrénées-Orientales
58%
Marne
56%
Rhône
56%
Eure
55%
Manche
55%
Côte-d'Or
54%
Isère
54%
Meurthe-et-Moselle
54%
Tarn
54%
Vendée
54%
Loire
53%
Alpes-Maritimes
52%
Haute-Marne
52%
Loire-Atlantique
52%
Moselle
52%
Puy-de-Dôme
52%
Seine-Maritime
52%
Ardennes
48%
Bas-Rhin
48%
Mayotte
48%
Ariège
47%
Haut-Rhin
47%
Lot
47%
Pyrénées-Atlantiques
47%
Charente-Maritime
45%
Gironde
45%
Vosges
45%
Yonne
45%
Saône-et-Loire
44%
Seine-et-Marne
44%
Orne
43%
Bouches-du-Rhône
42%
Deux-Sèvres
40%
Landes
40%
La Réunion
40%
Vienne
40%
Hauts-de-Seine
39%
Seine-Saint-Denis
39%
Essonne
37%
Guyane
37%
Hautes-Alpes
37%
Jura
37%
Meuse
37%
Val-de-Marne
37%
Var
37%
Aisne
36%
Aveyron
36%
Sarthe
36%
Creuse
35%
Drôme
35%
Haute-Loire
35%
Yvelines
35%
Lot-et-Garonne
34%
Allier
33%
Aube
33%
Mayenne
33%
Loiret
32%
Haute-Saône
31%
Doubs
29%
Gers
29%
Nièvre
29%
Vaucluse
29%
Alpes-de-Haute-Provence
28%
Ain
27%
Charente
27%
Corrèze
27%
Territoire de Belfort
27%
Aude
26%
Indre
26%
Ardèche
25%
Dordogne
25%
Somme
25%
Maine-et-Loire
24%
Oise
24%
Pas-de-Calais
24%
Loir-et-Cher
22%
Cher
21%
Indre-et-Loire
20%
Eure-et-Loir
19%
Haute-Vienne
19%
Lozère
17%
Hautes-Pyrénées
15%
Val-d'Oise
10%
Aucun quiz correspondant
Distribution des résultats
% des personnes avec chaque résultat
Percentile par nombre de réponses
Votre historique - résultats
Vous n’avez pas pris ce quiz